[Event "SVK-chT2C 2223"]
[Site "Slovakia"]
[Date "2022.11.27"]
[Round "6.3"]
[White "Kovacs, Daniel1111"]
[Black "Demian, Milan"]
[Result "1/2-1/2"]
[WhiteElo "1966"]
[BlackElo "2003"]
[PlyCount "49"]
[EventDate "2022.10.08"]
[EventType "team-tourn"]
[EventRounds "11"]
[EventCountry "SVK"]
[SourceTitle "EXT 2024"]
[Source "ChessBase"]
[SourceDate "2023.10.10"]
[SourceVersion "1"]
[SourceVersionDate "2023.10.10"]
[SourceQuality "1"]
[WhiteTeam "Vinica"]
[BlackTeam "Detva"]
[WhiteTeamCountry "SVK"]
[BlackTeamCountry "SVK"]

1. d4 g6 2. Nf3 Bg7 3. c4 c5 4. e3 Nf6 5. Nc3 0-0 6. Be2 cxd4 7. exd4 d5 8. 0-0 dxc4 9. Bxc4 a6 10. a4 Qc7 11. Ba2 Nc6 12. h3 Nb4 13. Bb3 e6 14. Be3 Bd7 15. Rc1 Bc6 16. Ne5 Rfd8 17. Qe2 Qe7 18. Rfd1 Bd5 19. Bxd5 Nfxd5 20. Nf3 Rac8 21. Nxd5 Nxd5 22. Bg5 Bf6 23. Bxf6 Qxf6 24. Ne5 Qf4 25. Rxc8 1/2-1/2

[Event "SVK-chT2C 2122"]
[Site "Slovakia"]
[Date "2022.03.26"]
[Round "8.3"]
[White "Demian, Milan"]
[Black "Dlabik, Jozef"]
[Result "1/2-1/2"]
[WhiteElo "1992"]
[BlackElo "1924"]
[PlyCount "25"]
[EventDate "2021.10.16"]
[EventType "team-tourn"]
[EventRounds "11"]
[EventCountry "SVK"]
[SourceTitle "EXT 2023"]
[Source "ChessBase"]
[SourceDate "2022.10.05"]
[SourceVersion "1"]
[SourceVersionDate "2022.10.05"]
[SourceQuality "1"]
[WhiteTeam "Detva"]
[BlackTeam "Dunajov III"]
[WhiteTeamCountry "SVK"]
[BlackTeamCountry "SVK"]

1. d4 d5 2. Nf3 Nf6 3. Bf4 Bf5 4. e3 c6 5. Bd3 Bg6 6. Ne5 e6 7. h4 Qa5+ 8. c3 Nbd7 9. h5 Bxd3 10. Qxd3 Nxe5 11. Bxe5 Nd7 12. Bg3 Qb5 13. Qxb5 1/2-1/2

[Event "SVK-chT2C 2122"]
[Site "Slovakia"]
[Date "2022.03.05"]
[Round "5.4"]
[White "Klein, Peter"]
[Black "Demian, Milan"]
[Result "1/2-1/2"]
[WhiteElo "1939"]
[BlackElo "1992"]
[PlyCount "22"]
[EventDate "2021.10.16"]
[EventType "team-tourn"]
[EventRounds "11"]
[EventCountry "SVK"]
[SourceTitle "EXT 2023"]
[Source "ChessBase"]
[SourceDate "2022.10.05"]
[SourceVersion "1"]
[SourceVersionDate "2022.10.05"]
[SourceQuality "1"]
[WhiteTeam "Filakovo"]
[BlackTeam "Detva"]
[WhiteTeamCountry "SVK"]
[BlackTeamCountry "SVK"]

1. e4 c5 2. Nc3 g6 3. g3 Bg7 4. Bg2 Nc6 5. d3 a6 6. f4 e6 7. Nf3 Nge7 8. 0-0 d5 9. Bd2 0-0 10. Rb1 Qc7 11. Qe1 Nd4 1/2-1/2

[Event "SVK-chT2C 2122"]
[Site "Slovakia"]
[Date "2022.02.12"]
[Round "7.2"]
[White "Demian, Milan"]
[Black "Nemec, Jachym"]
[Result "1/2-1/2"]
[WhiteElo "1992"]
[BlackElo "2362"]
[PlyCount "89"]
[EventDate "2021.10.16"]
[EventType "team-tourn"]
[EventRounds "11"]
[EventCountry "SVK"]
[SourceTitle "EXT 2023"]
[Source "ChessBase"]
[SourceDate "2022.10.05"]
[SourceVersion "1"]
[SourceVersionDate "2022.10.05"]
[SourceQuality "1"]
[WhiteTeam "Detva"]
[BlackTeam "Bziny"]
[WhiteTeamCountry "SVK"]
[BlackTeamCountry "SVK"]

1. d4 Nf6 2. Bg5 c5 3. Bxf6 exf6 4. Nf3 Nc6 5. e3 d5 6. c3 Be6 7. Be2 h5 8. Nbd2 h4 9. dxc5 Bxc5 10. Nb3 Bd6 11. Nbd4 Rc8 12. Nxe6 fxe6 13. Qd3 f5 14. Nd4 Qe7 15. f4 Rh6 16. 0-0-0 Nxd4 17. Qxd4 Bc5 18. Qe5 Rd8 19. Kb1 Qf6 20. Qxf6 gxf6 21. Rhe1 Ke7 22. Bf3 Rhh8 23. Kc2 Rhg8 24. b4 Bd6 25. Kb3 Rc8 26. Rd4 b5 27. Red1 Bc7 28. R4d3 Bb6 29. a4 bxa4+ 30. Kxa4 Rc4 31. Kb3 Rb8 32. Rb1 a5 33. Kc2 axb4 34. Rxb4 Rxb4 35. cxb4 Rc8+ 36. Kd2 Rc4 37. Rb3 Kd6 38. g4 fxg4 39. Bxg4 f5 40. Bf3 Rxb4 41. Rxb4 Ba5 42. h3 Bxb4+ 43. Ke2 Bc3 44. Bh5 e5 45. fxe5+ 1/2-1/2

[Event "SVK-chT2C 2122"]
[Site "Slovakia"]
[Date "2022.02.06"]
[Round "4.2"]
[White "Sevcikova, Lucia"]
[Black "Demian, Milan"]
[Result "1-0"]
[WhiteElo "2030"]
[BlackElo "1992"]
[PlyCount "91"]
[EventDate "2021.10.16"]
[EventType "team-tourn"]
[EventRounds "11"]
[EventCountry "SVK"]
[SourceTitle "EXT 2023"]
[Source "ChessBase"]
[SourceDate "2022.10.05"]
[SourceVersion "1"]
[SourceVersionDate "2022.10.05"]
[SourceQuality "1"]
[WhiteTeam "Kysucke Nove Mesto"]
[BlackTeam "Detva"]
[WhiteTeamCountry "SVK"]
[BlackTeamCountry "SVK"]

1. d4 g6 2. e4 Bg7 3. Nc3 c5 4. dxc5 Bxc3+ 5. bxc3 Nf6 6. Bd3 Qa5 7. Ne2 Qxc5 8. 0-0 d5 9. Be3 Qd6 10. exd5 Nxd5 11. Bh6 Nc6 12. Qd2 Be6 13. Nd4 Nxd4 14. cxd4 Bd7 15. Bg7 Rg8 16. Be5 Qe6 17. Rfe1 f6 18. Bg3 Qf7 19. c4 Nb6 20. Qb4 Bf5 21. Bf1 Rd8 22. c5 Nc8 23. Bc4 e6 24. d5 e5 25. Bxe5 fxe5 26. d6 Qg7 27. Bxg8 Qxg8 28. Rxe5+ Kf8 29. Qxb7 Qf7 30. Qxf7+ Kxf7 31. Rae1 Bd7 32. Rb1 Kf6 33. f4 Bc6 34. Rb8 h6 35. Re3 Kf5 36. g3 g5 37. Rb4 a5 38. Rd4 Na7 39. fxg5 hxg5 40. g4+ Kf6 41. Rd2 Bd7 42. Rf2+ Kg6 43. Re7 Nc6 44. Ref7 Bxg4 45. R2f6+ Kh5 46. Rh7# 1-0

[Event "SVK-chT2C 1920"]
[Site "Slovakia"]
[Date "2019.10.26"]
[Round "1.3"]
[White "Holly, Andrej"]
[Black "Demian, Milan"]
[Result "0-1"]
[WhiteElo "2023"]
[BlackElo "1975"]
[PlyCount "88"]
[EventDate "2019.10.26"]
[EventType "team-tourn"]
[EventRounds "11"]
[EventCountry "SVK"]
[SourceTitle "CBM 193 Extra"]
[Source "ChessBase"]
[SourceDate "2020.01.31"]
[SourceVersion "1"]
[SourceVersionDate "2020.01.31"]
[SourceQuality "1"]
[WhiteTeam "Ondrasova Krivan"]
[BlackTeam "Detva"]
[WhiteTeamCountry "SVK"]
[BlackTeamCountry "SVK"]

1. e4 g6 2. d4 Bg7 3. Nc3 c5 4. Nf3 Nc6 5. Be3 Qa5 6. Qd2 Nf6 7. d5 Nb4 8. Be2 Nxe4 9. Nxe4 Nxc2+ 10. Kd1 Qxd2+ 11. Kxd2 Nxa1 12. d6 b6 13. dxe7 d5 14. Nc3 d4 15. Bxd4 cxd4 16. Nd5 Bh6+ 17. Kd1 Bd7 18. Ba6 Rc8 19. Bxc8 Bxc8 20. Nxd4 Be6 21. Nxe6 fxe6 22. Ne3 Kxe7 23. Kc1 Rf8 24. Kb1 Rxf2 25. Ng4 Rxg2 26. Nxh6 Nc2 27. Ng4 Na3+ 28. bxa3 Rxg4 29. Rc1 Rh4 30. Rc7+ Kd6 31. Rc2 e5 32. Kb2 Kd5 33. Kb3 e4 34. Kb4 a6 35. Rc8 e3+ 36. Kc3 Rxh2 37. Kd3 e2 38. Re8 g5 39. a4 g4 40. a5 bxa5 41. a4 g3 42. Rg8 e1Q 43. Rd8+ Kc6 44. Rd5 Rd2+ 0-1

[Event "SVK-chT2C 1213"]
[Site "Slovakia"]
[Date "2013.03.16"]
[Round "10.1"]
[White "Demian, Milan"]
[Black "Pechac, Jergus"]
[Result "1/2-1/2"]
[WhiteElo "2032"]
[BlackElo "2064"]
[PlyCount "94"]
[EventDate "2012.10.13"]
[EventType "team-tourn"]
[EventRounds "11"]
[EventCountry "SVK"]
[SourceTitle "EXT 2015"]
[Source "ChessBase"]
[SourceDate "2014.11.20"]
[SourceVersion "1"]
[SourceVersionDate "2014.11.20"]
[SourceQuality "1"]
[WhiteTeam "Detva Garde"]
[BlackTeam "Zilina Mladost II"]
[WhiteTeamCountry "SVK"]
[BlackTeamCountry "SVK"]

1. d4 d5 2. Nf3 c6 3. Bf4 e6 4. e3 Bd6 5. Bg3 Ne7 6. Bd3 f5 7. Nbd2 0-0 8. Ne5 Bxe5 9. Bxe5 g5 10. h4 g4 11. h5 Nd7 12. Bf4 c5 13. c3 cxd4 14. exd4 Nc6 15. Qb3 a5 16. a4 Qe8 17. 0-0-0 Nf6 18. Bh6 Rf7 19. Rde1 Bd7 20. Bxf5 Nxd4 21. cxd4 Bxa4 22. Bxe6 Bxb3 23. Nxb3 Qc6+ 24. Kb1 Ne4 25. Bxf7+ Kxf7 26. Be3 a4 27. Rc1 Qb5 28. Rc7+ Kg8 29. Nc1 a3 30. b3 Qb4 31. Rh4 Nxf2 32. Bxf2 Qd2 33. Rc2 Qd1 34. Be3 a2+ 35. Rxa2 Rxa2 36. Kxa2 Qc2+ 37. Ka3 Qxg2 38. Bf4 Kf7 39. Be5 Qf3 40. Rh2 g3 41. Rh3 Qf1 42. Rxg3 Qxc1+ 43. Kb4 Qh6 44. Rg7+ Ke6 45. Rxb7 Qxh5 46. Rb6+ Kf5 47. Kc5 Ke4 1/2-1/2

[Event "SVK-chT2C 1213"]
[Site "Slovakia"]
[Date "2012.12.01"]
[Round "3.1"]
[White "Demian, Milan"]
[Black "Palecek, Peter"]
[Result "1/2-1/2"]
[WhiteElo "2032"]
[BlackElo "2225"]
[PlyCount "57"]
[EventDate "2012.10.13"]
[EventType "team-tourn"]
[EventRounds "11"]
[EventCountry "SVK"]
[SourceTitle "EXT 2015"]
[Source "ChessBase"]
[SourceDate "2014.11.20"]
[SourceVersion "1"]
[SourceVersionDate "2014.11.20"]
[SourceQuality "1"]
[WhiteTeam "Detva Garde"]
[BlackTeam "Liptov Chess School II"]
[WhiteTeamCountry "SVK"]
[BlackTeamCountry "SVK"]

1. d4 Nf6 2. Bf4 d5 3. e3 c6 4. Bd3 e6 5. Nf3 Bd6 6. Bxd6 Qxd6 7. c3 Nbd7 8. Nbd2 0-0 9. 0-0 e5 10. dxe5 Nxe5 11. Nxe5 Qxe5 12. Nf3 Qe7 13. Qc2 Rd8 14. Rad1 Bg4 15. Bf5 Bh5 16. Rd2 Ne4 17. Bxe4 dxe4 18. Rxd8+ Rxd8 19. Nd4 Qe5 20. Ne2 Bxe2 21. Qxe2 Qd5 22. Qc2 c5 23. g3 c4 24. Rc1 Qc6 25. b3 Rd3 26. bxc4 Qd7 27. c5 h5 28. h4 a6 29. Rb1 1/2-1/2

[Event "SVK-chT2C 1112"]
[Site "Slovakia"]
[Date "2012.02.25"]
[Round "10.1"]
[White "Jurcik, Marian"]
[Black "Demian, Milan"]
[Result "1-0"]
[WhiteElo "2474"]
[BlackElo "2058"]
[PlyCount "55"]
[EventDate "2011.10.08"]
[EventType "team-tourn"]
[EventRounds "11"]
[EventCountry "SVK"]
[SourceTitle "EXT 2013"]
[Source "ChessBase"]
[SourceDate "2012.11.22"]
[SourceVersion "1"]
[SourceVersionDate "2012.11.22"]
[SourceQuality "1"]
[WhiteTeam "Cadca II"]
[BlackTeam "Podpolanie Hrinova"]
[WhiteTeamCountry "SVK"]
[BlackTeamCountry "SVK"]

1. d4 g6 2. e4 Bg7 3. Nc3 c5 4. Nge2 b6 5. Be3 cxd4 6. Nxd4 Bb7 7. Qd2 Nc6 8. 0-0-0 Rc8 9. f3 Nb4 10. Kb1 Nf6 11. Bh6 Bxh6 12. Qxh6 Qc7 13. Bb5 a6 14. Ba4 b5 15. Bb3 Qe5 16. Qg7 Rf8 17. Rhe1 Ng4 18. Qxh7 Nf2 19. Rd2 Qc5 20. Qg7 e5 21. Nde2 a5 22. a3 d6 23. axb4 axb4 24. Nd5 Ra8 25. Nc1 Bxd5 26. Bxd5 Ra6 27. Nb3 Qa7 28. Qf6 1-0

[Event "SVK-chT2C 1112"]
[Site "Slovakia"]
[Date "2012.01.28"]
[Round "8.2"]
[White "Demian, Milan"]
[Black "Jelen, Peter"]
[Result "0-1"]
[WhiteElo "2058"]
[BlackElo "2193"]
[PlyCount "128"]
[EventDate "2011.10.08"]
[EventType "team-tourn"]
[EventRounds "11"]
[EventCountry "SVK"]
[SourceTitle "EXT 2013"]
[Source "ChessBase"]
[SourceDate "2012.11.22"]
[SourceVersion "1"]
[SourceVersionDate "2012.11.22"]
[SourceQuality "1"]
[WhiteTeam "Podpolanie Hrinova"]
[BlackTeam "Liptov Chess School II"]
[WhiteTeamCountry "SVK"]
[BlackTeamCountry "SVK"]

1. d4 c5 2. dxc5 e6 3. Nc3 Bxc5 4. Ne4 d5 5. Nxc5 Qa5+ 6. c3 Qxc5 7. Qd4 Qf8 8. Nf3 Nc6 9. Qd1 f5 10. e3 Nf6 11. Bb5 Bd7 12. Bxc6 bxc6 13. Ne5 Qd6 14. Nxd7 Nxd7 15. Qh5+ g6 16. Qh6 Ne5 17. Qg7 Nf7 18. 0-0 e5 19. e4 f4 20. exd5 g5 21. h4 h6 22. h5 Qxd5 23. b3 0-0-0 24. Ba3 Qe6 25. Qg6 Rde8 26. Bc5 Rhg8 27. Qxe6+ Rxe6 28. Rad1 g4 29. Rd2 e4 30. Rfd1 g3 31. Rd7 gxf2+ 32. Bxf2 Ne5 33. Rxa7 Kb8 34. Ra4 Nf3+ 35. Kf1 e3 36. gxf3 e2+ 37. Ke1 exd1Q+ 38. Kxd1 Rd8+ 39. Rd4 Kc7 40. b4 Re5 41. Kd2 Ra8 42. Kd3 Rxa2 43. Bh4 Re3+ 44. Kc4 Rxf3 45. Bd8+ Kc8 46. Bf6 Rc2 47. Rd8+ Kb7 48. Rd7+ Kc8 49. Rf7 Re2 50. Bd4 Re6 51. Kc5 Rh3 52. Rf5 f3 53. b5 cxb5 54. Kxb5 Rg3 55. Kc4 Re4 56. Kd5 Re8 57. Kd6 Rg5 58. Rxf3 Rxh5 59. Rf7 Ra5 60. Rc7+ Kb8 61. Rh7 Rg8 62. Be5 Rg6+ 63. Kd7+ Rxe5 64. c4 Rc5 0-1

[Event "SVK-chT2C 0809"]
[Site "Slovakia"]
[Date "2009.02.28"]
[Round "10.3"]
[White "Milovnik, Juraj"]
[Black "Demian, Milan"]
[Result "1/2-1/2"]
[WhiteElo "2050"]
[BlackElo "2092"]
[PlyCount "24"]
[EventDate "2008.10.11"]
[EventType "team-tourn"]
[EventRounds "11"]
[EventCountry "SVK"]
[SourceTitle "EXT 2010"]
[Source "ChessBase"]
[SourceDate "2010.11.25"]
[SourceVersion "1"]
[SourceVersionDate "2010.11.25"]
[SourceQuality "1"]
[WhiteTeam "Zilina Central"]
[BlackTeam "Banska Bystrica Kurta"]
[WhiteTeamCountry "SVK"]
[BlackTeamCountry "SVK"]

1. d4 g6 2. e4 Bg7 3. c3 d6 4. Be3 Nf6 5. Nd2 0-0 6. h3 Nbd7 7. f4 c5 8. Ngf3 cxd4 9. cxd4 b6 10. Bd3 Bb7 11. 0-0 Rc8 12. Rc1 Rxc1 1/2-1/2

[Event "SVK-chT2C 0809"]
[Site "Slovakia"]
[Date "2009.02.01"]
[Round "9.2"]
[White "Straka, Jozef1111"]
[Black "Demian, Milan"]
[Result "1-0"]
[WhiteElo "2177"]
[BlackElo "2092"]
[PlyCount "113"]
[EventDate "2008.10.11"]
[EventType "team-tourn"]
[EventRounds "11"]
[EventCountry "SVK"]
[SourceTitle "EXT 2010"]
[Source "ChessBase"]
[SourceDate "2010.11.25"]
[SourceVersion "1"]
[SourceVersionDate "2010.11.25"]
[SourceQuality "1"]
[WhiteTeam "Cadca Caissa"]
[BlackTeam "Banska Bystrica Kurta"]
[WhiteTeamCountry "SVK"]
[BlackTeamCountry "SVK"]

1. d4 g6 2. e4 Bg7 3. Nc3 c5 4. d5 d6 5. Bc4 Nd7 6. Nf3 Nb6 7. Bd3 Bg4 8. h3 Bxf3 9. Qxf3 Nf6 10. Be3 Nfd7 11. Qg3 Ne5 12. Bb5+ Kf8 13. Be2 h5 14. Bg5 h4 15. Bxh4 Nec4 16. Bg5 Nxb2 17. Rb1 N6c4 18. 0-0 Qa5 19. Nd1 Nxd1 20. Rfxd1 Nb2 21. Rf1 b5 22. Bc1 Nc4 23. Bxc4 bxc4 24. a3 Bd4 25. Bg5 Qc7 26. c3 Bg7 27. Rb5 a6 28. Rb2 Rb8 29. Rfb1 Rxb2 30. Rxb2 Rh5 31. h4 Be5 32. f4 Bg7 33. f5 Be5 34. Qf3 Kg7 35. fxg6 Kxg6 36. Qf5+ Kg7 37. Qg4 Rh7 38. Bxe7+ Kh8 39. Bg5 Bxc3 40. Rb1 Bd4+ 41. Kh2 c3 42. Qf5 Kg8 43. g4 Be5+ 44. Kg2 a5 45. h5 a4 46. h6 c2 47. Rc1 f6 48. Qg6+ Kf8 49. Bxf6 Rf7 50. Bxe5 dxe5 51. Rxc2 Qe7 52. Rb2 Qc7 53. Rb6 c4 54. Qe6 Re7 55. Qf6+ Rf7 56. Qh8+ Ke7 57. Re6+ 1-0

[Event "SVK-chT2C 0809"]
[Site "Slovakia"]
[Date "2008.11.09"]
[Round "4.2"]
[White "Demian, Milan"]
[Black "Zvarik, Martin"]
[Result "0-1"]
[WhiteElo "2092"]
[BlackElo "2228"]
[PlyCount "106"]
[EventDate "2008.10.11"]
[EventType "team-tourn"]
[EventRounds "11"]
[EventCountry "SVK"]
[SourceTitle "EXT 2010"]
[Source "ChessBase"]
[SourceDate "2010.11.25"]
[SourceVersion "1"]
[SourceVersionDate "2010.11.25"]
[SourceQuality "1"]
[WhiteTeam "Banska Bystrica Kurta"]
[BlackTeam "Zilina Mladost juniors"]
[WhiteTeamCountry "SVK"]
[BlackTeamCountry "SVK"]

1. d4 d5 2. Nf3 Nf6 3. Bg5 Ne4 4. Bf4 c6 5. c3 e6 6. e3 Bd6 7. Bxd6 Nxd6 8. Nbd2 0-0 9. Bd3 Nd7 10. 0-0 Re8 11. Qc2 h6 12. Ne5 Nf8 13. f4 Re7 14. Ndf3 Nf5 15. Rae1 f6 16. Ng4 Bd7 17. e4 dxe4 18. Bxe4 Nd6 19. Bd3 Qa5 20. Ne3 Be8 21. b4 Qc7 22. Nd2 a5 23. a3 Bf7 24. Ndc4 axb4 25. axb4 Nb5 26. g3 b6 27. Ra1 Rb8 28. Nd2 Nd6 29. Nb3 e5 30. fxe5 fxe5 31. dxe5 Rxe5 32. Ng4 Rg5 33. Nf2 c5 34. bxc5 bxc5 35. Nd2 c4 36. Be4 Nxe4 37. Ndxe4 Re5 38. Qa4 Rbe8 39. Qa7 Qxa7 40. Rxa7 Bd5 41. Nd6 Rd8 42. Nb5 Re3 43. Rd1 Bf3 44. Rf1 Rd2 45. Rc7 Ne6 46. Rc8+ Kh7 47. Rb1 Rb2 48. Ra1 Rxb5 49. Rxc4 Rb2 50. g4 Ng5 51. Rc7 Ree2 52. h4 Rxf2 53. hxg5 hxg5 0-1

[Event "SVK-ch op-A"]
[Site "Zvolen"]
[Date "2008.07.08"]
[Round "3"]
[White "Mazur, Stefan"]
[Black "Demian, Milan"]
[Result "1/2-1/2"]
[WhiteElo "2180"]
[BlackElo "2072"]
[PlyCount "73"]
[EventDate "2008.07.06"]
[EventType "swiss"]
[EventRounds "9"]
[EventCountry "SVK"]
[SourceTitle "CBM 125 Extra"]
[Source "ChessBase"]
[SourceDate "2008.09.01"]
[SourceVersion "1"]
[SourceVersionDate "2008.09.01"]
[SourceQuality "1"]

1. e4 c5 2. Nf3 e6 3. c4 Nc6 4. Nc3 Nf6 5. Be2 Be7 6. d4 cxd4 7. Nxd4 0-0 8. 0-0 d5 9. cxd5 exd5 10. exd5 Nxd5 11. Nxc6 bxc6 12. Nxd5 cxd5 13. Be3 Bf6 14. Bd4 Be6 15. Qd2 Bxd4 16. Qxd4 Qb6 17. Qxb6 axb6 18. Rfd1 Rfc8 19. Rd2 Kf8 20. Kf1 Ke7 21. Ke1 Ra5 22. Kd1 Kd6 23. a3 Ke5 24. b4 Ra7 25. a4 d4 26. a5 Bc4 27. Bxc4 Rxc4 28. Rb2 d3 29. Kd2 Kd4 30. Ra3 Rc2+ 31. Rxc2 dxc2 32. axb6 Rxa3 33. b7 c1Q+ 34. Kxc1 Kc3 35. Kd1 Kd3 36. Kc1 Kc3 37. Kd1 1/2-1/2